000 00641nam a22001577a 4500
003 MACL
005 20170117124119.0
008 170117b xxu||||| |||| 00| 0 eng d
040 _cMACL
082 _a800/RAM
100 _aराममनोहर लोहिया
_966544
245 _aराममनोहर लोहिया रचनावली 2
_bइतिहास चक्र जाति प्रथ्‍ाा भारत विभाजन के अपराधी तथा लोहिया अमरीका मुलाकात
260 _c2013
650 _a रचनावली
_9163
942 _2ddc
_cHIN
999 _c55914
_d55914